Quizzes
Events
Quiz Creation
Community
Videos
Private Events
Remove Ads
Sign In
Join for FREE
Feedback
Dark Mode
Quiz Categories
Sports
Geography
Music
Movies
Television
Just For Fun
Miscellaneous
History
Literature
Language
Science
Gaming
Entertainment
Religion
Holiday
For Kids
Quiz Lab
Recent
Popular Today
Quiz Kudos Today
Editor Picks
Curator Picks
Quizzes by...
Day
Popularity
Type
Ratings
Length
Year
Community
Subscriptions
Recent Discussions
Orange Saloon
Badges
Playlists
Quests
Create
Leaderboards
Showdown
Live 5
Trivia Bingo
Activity
Puzzle Library
Sporcle Events
Private Events
Virtual Trivia
Globe League
Become a Host
Pub Owners
SporcleCon
Opinionation
Our Games
Videos
Blog
Mobile Apps
Partnerships
Remove Ads and Go Orange
Feedback
Just For Fun
Clickable
Get the Picture
Humor
Quick Pick
Word Ladder
Missing Word
Mixed Word
Blitz
Minefield
This or That
Alphabet
Color
Typing
Sporcle
Puzzle
Word Play
Follow That Line
Logic
Just For Fun
Clickable
Get the Picture
Humor
Quick Pick
Word Ladder
Missing Word
Mixed Word
Blitz
Minefield
This or That
Alphabet
Color
Typing
Sporcle
Puzzle
Word Play
Follow That Line
Logic
Random Quiz
Search Sporcle
×
Quiz Lab
Quiz Lab
Just For Fun
Quote
Type in answers that appear in a list
Type in answers that appear in a list
Classic
Best Score? Go Orange.
Bushisms Stats
Can you name the Bushisms?
By
liberty20
6m
12 Questions
76 Plays
76 Plays
76 Plays
Comments
Comments
Give Quiz Kudos
Give Quiz Kudos
-
- Ratings
hide this ad
More Info
Replay
Link that replays current quiz
Next Quiz
Link to next quiz in quiz playlist
You Got
0%
They Got
Avg Score
19%
Avg Friend Score
Upgrade to see
Score Distribution
Jump to the score distribution portion of the page
Score
0/12
Timer
06:00
0
Plays Today
Quote
Answer
% Correct
'I’m honored to _
_
_
_
_
_
_
_
_
_
of a brave Iraqi citizen who had his hand cut off by Saddam Hussein.'
shake the hand
57.9%
'You teach a child to read, and _
_
_
_
_
_
_
_
_
_
will be able to pass a literacy test.'
he or her
36.8%
'And they have no _
_
_
_
_
_
_
for human life.'
disregard
34.2%
'This is my maiden voyage. My first speech since I was the president of the United States and I couldn't think of a better place to give it than _
_
_
_
_
_
.'
Calgary, Canada
25%
'I'll be long gone before some _
_
_
_
_
_
_
_
_
_
_
_
ever figures out what happened inside this Oval Office.'
smart person
18.4%
'Well, I think if you say you're going to do something and don't do it, that's _
_
_
_
_
_
_
_
_
_
.'
trustworthiness
11.8%
''It's important for us to explain to our nation that life is important. It's not only life of babies, but it's life of children living in, you know, the _
_
_
_
_
_
_
_
_
_
_
_
_
_
_
_
.'
dark dungeons of the Internet
10.5%
'Anyone engaging in illegal financial transactions will be _
_
_
_
_
_
_
.'
caught and persecuted
7.9%
'This _
_
_
_
_
_
_
_
_
_
_
_
_
is a little frustrating.'
foreign policy stuff
7.9%
'I've been in the _
_
_
_
_
every day since I've been the president.'
bible
6.6%
'It would be a mistake for the United States Senate to allow any kind of _
_
_
_
_
_
_
_
_
_
_
_
_
to come out of that chamber.'
human cloning
6.6%
'I mentioned early on that I recognize there are hurdles, and we’re going to _
_
_
_
_
_
_
_
_
_
_
_
_
_
_
.'
achieve those hurdles
6.6%
Quiz Playlist
Details
Report
Send in Message
Add To Playlist
More Info:
Finish some of GWB's greatest lines!
Classic:
Type in answers that appear in a list
Last Updated: Feb 16, 2017
Quiz Scoreboard
CHALLENGE
Sign Up to Join the Scoreboard
Show All
Scores
Hide
Comments
May contain spoilers
Recently Published
Popular People in 1961
by mucciniale
History
6m
1-10 Letter E Words III
by El_Dandy
Language
2m
One Thing in Common: World Cities II
by knightlancer
Geography
7m
More to Explore
Quiz From the Vault
Featured Blog Post
Where Did the Easter Bunny Come From?
hide this ad
You Might Also Like...
Tags
Quote Quiz
date
Today's Top Quizzes in Just For Fun
Browse Just For Fun
hide this ad
Today's Top Quizzes in Quote
Browse Quote
Top Contributed Quizzes in Just For Fun
1
Harry Potter Logic - 'In Chains' II
2
Survivor Winners Logic Puzzle
3
Crossword Whiteout! 49
4
Letter's Position in the Alphabet Blitz
5
Thermometer Puzzle 25
6
Aquarium Logic Puzzle 17
7
Big Thermometer Puzzle 21
8
Clickable 1 to 100 Minefield
9
K-Pop Idol Olympics Logic Quiz II
10
Tapa Puzzle
Explore More
Trending Topics
NBA
Anime
Marvel
Disney
Harry Potter
Crossword
Kpop
Song
Pokémon
Soccer
Country
The Office
Puzzle
NFL
WWE
hide this ad
More By:
liberty20
Quiz
Plays
Rating
Category
Featured
Created
Bushisms
76
4.33
Just For Fun
Jun 8, 2010
Go to Creator's Profile
Score Distribution
Quiz Creator Spotlight
liberty20
Follow
Send a Message
Quizzes Created
-
Created Quiz Play Count
-
More By This Creator
Popular Quizzes Today
1
Find the US States - No Outlines Minefield
2
The Countries of the World
3
Find the Countries of Europe - No Outlines Minefield
4
Popular People in 1961
5
1-10 Letter E Words III
6
Find the US States
7
One Thing in Common: World Cities II
8
US States
More Just For Fun Quizzes
Get The Picture: Which Famous Fictional Dragon...
Editor's Pick
Trending Quizzes
Risky Map Clicking: Least Populous States A-Z
1-10 Letter F Words
1-10 Letter G Words
One Thing in Common: United Kingdom
Risky Map Clicking: Next State Alphabetically
Recently Updated
Leaping Animals
pecheneg
Reality TV Shows (A-Z)
bhenderson79
Rickey Henderson's Hall of Fame Teammates
pecheneg
Champions League XIs: Arsenal
pecheneg
Quick Pick: Celebrities in WWE's Hall of Fame
aduchscher
A-Z Keypad Blitz II
pecheneg
Multiple Oscar Actors
pecheneg
Mystery Phrase Blitz: Oscar 'Best Actors'
pecheneg
F. Scott Fitzgerald Novels
LTH
Pick 3 Villains
ddd62291
Trending Topics
Marvel
Crossword
Anime
Kpop
Harry Potter
Disney
NBA
Song
Country
Soccer
Puzzle
Pokémon
WWE
NFL
The Office
Your Account Isn't Verified!
In order to create a playlist on Sporcle, you need to verify the email address you used during registration. Go to your
Sporcle Settings
to finish the process.
Report this User
Report this user for behavior that violates our
Community Guidelines
.
Details:
Send Report
Go to the Sporcle.com Mobile Site →
Comments